000 00493cam a2200205ua 4500
020 _a81 85015 91 0
_c88.00
041 _aeng
_h
082 _a519.72
_bHAD/LI
100 _aHadley, G .
245 _aLinear programming /
_cG Hadley.
_hTextual Documents
250 _a4 /
_b.
260 _aChennai :
_bNarosa Publishing House ,
_c1992.
300 _a520 ; .
365 _a88.00
500 _a*CSS
504 _a
942 _cBK
999 _c9846
_d9846